Library of the University of Algiers 3
Ibrahim Sultan Cheibout
شعار جامعة الجزائر 3
مكتبة جامعة الجزائر 3
إبراهيم سلطان شيبوط

فن إدارة الإختلاف دليل المفاوض الفعال / (رقم التسجيلة. 43000)

تفاصيل مارك
000 -LEADER
fixed length control field 01361nam a2200289Ia 4500
003 - CONTROL NUMBER IDENTIFIER
control field Ost
005 - DATE AND TIME OF LATEST TRANSACTION
control field 20260507075115.0
008 - FIXED-LENGTH DATA ELEMENTS--GENERAL INFORMATION
fixed length control field 260507s9999||||xx |||||||||||||| ||und||
020 ## - INTERNATIONAL STANDARD BOOK NUMBER
International Standard Book Number 2715621977
040 ## - CATALOGING SOURCE
Transcribing agency fsecg
041 ## - LANGUAGE CODE
Language code of text/sound track or separate title ara
082 ## - DEWEY DECIMAL CLASSIFICATION NUMBER
Classification number 658.452
100 ## - MAIN ENTRY--PERSONAL NAME
Personal name فيشر، جوديت أي
Relator term مؤلف
245 #0 - TITLE STATEMENT
Title فن إدارة الإختلاف دليل المفاوض الفعال /
Statement of responsibility, etc. جوديت أي فيشر
246 ## - VARYING FORM OF TITLE
Title proper/short title Negotiating for business results. Arabic
260 ## - PUBLICATION, DISTRIBUTION, ETC.
Place of publication, distribution, etc. القاهرة:
Name of publisher, distributor, etc. مركز الخبرات المهنية للإدارة,
Date of publication, distribution, etc. 1997
300 ## - PHYSICAL DESCRIPTION
Extent 144 صفحة؛
Other physical details إيضاحات ؛
Dimensions 18 سم
490 ## - SERIES STATEMENT
Series statement سلسلة مكتبة رجال الأعمال
Volume/sequential designation 2
520 ## - SUMMARY, ETC.
Summary, etc. ماهو التفاوض في اطار فن إدارة الإختلاف؟- عناصر التفاوض من أجل الإتفاق- عملية إدارة الإختلاف عن طريق التفاوض- الإعداد للتفاوض-إستخدام المهارات الإتصالية في التفاوض- إستخدام أساليب التفاوض- تفاوض المحترفين
653 ## - INDEX TERM--UNCONTROLLED
Uncontrolled term إدارة الأعمال
653 ## - INDEX TERM--UNCONTROLLED
Uncontrolled term السلوك الإداري
653 ## - INDEX TERM--UNCONTROLLED
Uncontrolled term المفاوضات
653 ## - INDEX TERM--UNCONTROLLED
Uncontrolled term النزاعات
653 ## - INDEX TERM--UNCONTROLLED
Uncontrolled term مهارات الاتصال
700 ## - ADDED ENTRY--PERSONAL NAME
Personal name علا، أحمد
Relator term مؤلف ثانوي
942 ## - ADDED ENTRY ELEMENTS (KOHA)
Koha item type كتب
المقتنيات
Withdrawn status Lost status Source of classification or shelving scheme Damaged status Not for loan Home library Current library Date acquired Serial enumeration / chronology Inventory number Total checkouts Full call number Barcode Date last seen Price effective from Koha item type
    Dewey Decimal Classification   NOT LOAN / إعارة داخلية مكتبة كلية العلوم الإقتصادية والعلوم التجارية وعلوم التسيير مكتبة كلية العلوم الإقتصادية والعلوم التجارية وعلوم التسيير 07/05/2026 الطابق الأرضي 1910/1   أ/1910ن1 1910/1 07/05/2026 07/05/2026 كتب
    Dewey Decimal Classification   Available مكتبة كلية العلوم الإقتصادية والعلوم التجارية وعلوم التسيير مكتبة كلية العلوم الإقتصادية والعلوم التجارية وعلوم التسيير 07/05/2026 الطابق الأرضي 1910/2   أ/1910ن2 1910/2 07/05/2026 07/05/2026 كتب
    Dewey Decimal Classification   Available مكتبة كلية العلوم الإقتصادية والعلوم التجارية وعلوم التسيير مكتبة كلية العلوم الإقتصادية والعلوم التجارية وعلوم التسيير 07/05/2026 الطابق الثاني 1910/3   أ/1910ن3 1910/3 07/05/2026 07/05/2026 كتب
    Dewey Decimal Classification   Available مكتبة كلية العلوم الإقتصادية والعلوم التجارية وعلوم التسيير مكتبة كلية العلوم الإقتصادية والعلوم التجارية وعلوم التسيير 07/05/2026 الطابق الثاني 1910/4   أ/1910ن4 1910/4 07/05/2026 07/05/2026 كتب

موارد الويب المفتوحة


© University of Algiers 3 All Rights Reserved
|
Implemented by LECHELAH Riad